| 000 | 00420nam a2200169Ia 4500 | ||
|---|---|---|---|
| 003 | GCL | ||
| 008 | 140319s9999 xx 000 0 eng d | ||
| 040 |
_aGCL / _cGCL |
||
| 082 | 0 | 4 |
_a658.402 _bR B |
| 100 | 1 | _aROMING, DENNIS A | |
| 245 | 1 | 0 |
_aBREAK THROUGH TEAMWORK / _cROMING, DENNIS A |
| 260 |
_a[S.N] : _bIRWIN ، _c1996 |
||
| 300 | _a303 P | ||
| 650 | 0 | 4 | _aWORK GROUPS |
| 650 | 0 | 4 | _aSOCIAL GROUPS |
| 942 |
_2ddc _cBK |
||
| 999 |
_c13206 _d13206 |
||